[Event "Suhar op"]
[Site "Suhar"]
[Date "2024.12.15"]
[Round "7"]
[White "Al Mamari, Salem Said"]
[Black "Medhat, Magdy"]
[Result "1/2-1/2"]
[WhiteElo "1617"]
[BlackElo "1875"]
[PlyCount "108"]
[EventDate "2024.12.12"]
[EventType "swiss"]
[EventRounds "7"]
[EventCountry "OMN"]
[SourceTitle "CB52_2024"]
[SourceDate "2024.12.25"]
[SourceVersion "1"]
[SourceVersionDate "2024.12.25"]
[SourceQuality "1"]

1. e4 Nf6 2. Nc3 d5 3. exd5 Nxd5 4. Nxd5 Qxd5 5. Nf3 e5 6. c4 Qd6 7. Be2 Be7 8. d3 0-0 9. 0-0 Nc6 10. Re1 Bf5 11. a3 Rad8 12. b4 Bxd3 13. Bxd3 Qxd3 14. Qxd3 Rxd3 15. b5 Na5 16. Nxe5 Rdd8 17. Bf4 Bf6 18. Rac1 Rd4 19. Bg3 h5 20. Nf3 Rd7 21. c5 Nb3 22. Rc4 Rfd8 23. h3 c6 24. a4 Nd4 25. Ne5 Bxe5 26. Bxe5 cxb5 27. Rxd4 Rxd4 28. Bxd4 Rxd4 29. axb5 Kf8 30. Rc1 Ke8 31. c6 bxc6 32. Rxc6 Kd8 33. b6 axb6 34. Rxb6 h4 35. Kf1 Re4 36. Rb7 Ke8 37. f3 Ra4 38. Kf2 Kf8 39. Rc7 g6 40. Rc2 Kg7 41. Ke3 g5 42. Rd2 Kg6 43. Rd5 Ra2 44. Rd2 Rxd2 45. Kxd2 Kf5 46. Ke3 Ke5 47. Ke2 Kd4 48. Kd2 Kc4 49. Ke3 f5 50. f4 g4 51. hxg4 fxg4 52. f5 Kd5 53. Kf4 h3 54. gxh3 gxh3 1/2-1/2

[Event "OMA-ch Clubs 7th"]
[Site "Muscat"]
[Date "2024.07.16"]
[Round "7.1"]
[White "Al Mamari, Salem Said"]
[Black "Al Farsi, Mohammed Ali"]
[Result "0-1"]
[WhiteElo "1632"]
[BlackElo "1680"]
[PlyCount "102"]
[EventDate "2024.07.11"]
[EventType "team-swiss"]
[EventRounds "9"]
[EventCountry "OMN"]
[SourceTitle "EXT 2025"]
[Source "ChessBase"]
[SourceDate "2024.10.14"]
[SourceVersion "1"]
[SourceVersionDate "2024.10.14"]
[SourceQuality "1"]
[WhiteTeam "Al Salam"]
[BlackTeam "Al Khaboura"]
[WhiteTeamCountry "OMN"]
[BlackTeamCountry "OMN"]

1. e4 c6 2. Nc3 d5 3. exd5 cxd5 4. d4 Nf6 5. Nf3 Bg4 6. Be2 e6 7. a3 Nc6 8. 0-0 a6 9. Re1 Bd6 10. Bg5 0-0 11. h3 Bxf3 12. Bxf3 h6 13. Be3 Re8 14. Qd2 Rc8 15. Bf4 Qc7 16. Bxd6 Qxd6 17. Re2 b5 18. Rae1 b4 19. Nb1 bxa3 20. Nxa3 Rb8 21. c3 Rb3 22. Qd3 Reb8 23. Qxa6 Rxb2 24. Rxb2 Rxb2 25. c4 Qb4 26. Rd1 Nxd4 27. cxd5 Nxf3+ 28. gxf3 Qb3 29. Rd3 Qb4 30. Qc8+ Kh7 31. Nc2 Rb1+ 32. Kg2 Qh4 33. Qc7 Nxd5 34. Rxd5 exd5 35. Ne3 Qg5+ 36. Ng4 h5 37. Qc2+ Qg6 38. Qxg6+ Kxg6 39. Ne5+ Kf6 40. Nd3 g6 41. f4 Rd1 42. Ne5 g5 43. Nd7+ Ke7 44. Ne5 gxf4 45. Kf3 Ke6 46. Nc6 Rd3+ 47. Kxf4 Rxh3 48. Nd4+ Kf6 49. Ne2 Rh4+ 50. Ke3 Re4+ 51. Kf3 Rxe2 0-1

[Event "OMA-chT 6th"]
[Site "Muscat"]
[Date "2023.08.07"]
[Round "6.4"]
[White "Al Jabri, Rashid"]
[Black "Al Mamari, Salem Said"]
[Result "1-0"]
[WhiteElo "1653"]
[BlackElo "1408"]
[PlyCount "95"]
[EventDate "2023.08.03"]
[EventType "team-swiss"]
[EventRounds "9"]
[EventCountry "OMN"]
[SourceTitle "EXT 2024"]
[Source "ChessBase"]
[SourceDate "2023.10.10"]
[SourceVersion "1"]
[SourceVersionDate "2023.10.10"]
[SourceQuality "1"]
[WhiteTeam "Ibri"]
[BlackTeam "Al Salam"]
[WhiteTeamCountry "OMN"]
[BlackTeamCountry "OMN"]

1. e4 c5 2. Nf3 Nc6 3. d4 cxd4 4. Nxd4 e5 5. Nb5 Nf6 6. N1c3 a6 7. Nd6+ Bxd6 8. Qxd6 Qe7 9. Qxe7+ Nxe7 10. Bg5 b5 11. f3 Bb7 12. Rd1 Bc6 13. a3 h6 14. Bh4 g5 15. Bf2 d5 16. Bd3 d4 17. Ne2 Ng6 18. Nxd4 exd4 19. Bxd4 Nh5 20. Bxh8 Nxh8 21. h4 g4 22. fxg4 Ng3 23. Rh3 Nxe4 24. Bxe4 Bxe4 25. Re3 Kf8 26. Rxe4 Ng6 27. h5 Ne7 28. Rd7 Nc6 29. Rd6 Na5 30. Rxh6 Kg7 31. g5 Nc4 32. Rf6 Ra7 33. Ref4 Ne3 34. h6+ Kg8 35. h7+ Kh8 36. Rxf7 Nxg2+ 37. Kd2 Ra8 38. Re4 Rd8+ 39. Kc3 a5 40. b4 Rc8+ 41. Kb2 axb4 42. axb4 Rd8 43. Rf2 Kxh7 44. Rxg2 Rd5 45. g6+ Kg7 46. Re7+ Kg8 47. g7 Rd8 48. Re1 1-0